000
00326nam a22001457a 4500
999
_c
54951
_d
54951
008
190927b ||||| |||| 00| 0 eng d
020
_a
9780071736367
041
_a
eng
080
_a
336
082
_a
336
100
_a
64
101
_a
INV
245
_a
Saving Capitalism from Short-Termism
_c
Bogle,J.C
942
_2
udc
_c
BK